000 01303nam a2200313 4500
001 0000017423
003 CO-CtgCURN
005 20250513155117.0
007 ta
008 160627s1998 000 0 eng d
020 _a958676060X
040 _aCO-CtgCURN
_bspa
_ccoctgcurn
082 0 _a345.02
_bA54c
100 1 _aAngulo González, Guillermo.
245 1 0 _aCaptura aseguramiento y libertad /
_cGuillermo Angulo González.
250 _a3a ed.
260 _aBogotá :
_bEdiciones Doctrina y Ley,
_c1998.
300 _axviii, 444 p.
336 _2rdacontent
337 _2rdamedia
_asin mediacion
_bn
338 _2rdacarrier
_avolumen
_bnc
504 _aBibiografia (p. 441-444)
505 8 _aActos cautelares restrictivos de la libertad.--La captura.--Medidas de aseguramiento.--La libertad provisional.--Prohibiciones de libertad provisional.--Medidas de aseguramiento para inimputables.--Control de legalidad sobre la aprehension habeas corpus.--Beneficios por colaboracion eficaz con la Administración de justicia.--A manera de reflexion
650 1 4 _aDetencion
_zColombia.
908 _a160627
942 _cBK
_h345.02
_iA54c
_2ddc
_n0
999 _c2627
_d2627